000 02038 a2200397 4500
001 23045890
003 000
005 20251014140618.0
008 230403s2023 nyu b 001 0 eng
010 _a 2023015163
020 _a9781032548371
035 _a23045890
040 _aDLC
_beng
_erda
_cDLC
_dDLC
042 _apcc
050 0 0 _aTH 6010 .H24
082 0 0 _a690/.24
_223/eng/20230520
100 1 _aHall, Fred
_eauthor.
245 1 0 _aBuilding services handbook /
_cFred Hall and Roger Greeno.
250 _a10th edition.
263 _a2309
264 1 _aNew York, NY :
_bRoutledge,
_c2024.
300 _axiv, 786p. ill.
336 _atext
_btxt
_2rdacontent
337 _aunmediated
_bn
_2rdamedia
338 _avolume
_bnc
_2rdacarrier
500 _aPreviously published: Routledge, 2017.
504 _aIncludes bibliographical references and index.
520 _a"The tenth edition of Hall and Greeno's leading textbook has been reviewed and updated in relation to the latest building, wiring and water regulations, new technology, and new legislation. For this edition, new updates include: electric vehicle charging, overheating in buildings, waste water treatment, energy performance certification, mechanical ventilation, food waste recycling, electro-magnetic lifts and biogas processing and much more. The clear illustrations and complementary references to industry Standards combine essential guidance with a resource base for further reading and development of specific topics"--
_cProvided by publisher.
650 0 _aBuilding
_vHandbooks, manuals, etc.
650 0 _aBuildings
_xEnvironmental engineering.
650 0 _aBuildings
_xMechanical equipment
_xInstallation
_vHandbooks, manuals, etc.
776 0 8 _iOnline version:
_aGreeno, Roger.
_tBuilding services handbook
_b10th edition.
_dNew York, NY : Routledge, 2023
_z9781003434894
_w(DLC) 2023015164
906 _a7
_bcbc
_corignew
_d1
_eecip
_f20
_gy-gencatlg
942 _2lcc
_cBK
999 _c43754
_d43754